LEADER 07194 am 2202173 n 450 001 9910619499303321 005 20240124162434.0 010 $a2-7297-1365-4 024 7 $a10.4000/books.pul.39427 035 $a(CKB)4100000012897351 035 $a(FrMaCLE)OB-pul-39427 035 $a(oapen)https://directory.doabooks.org/handle/20.500.12854/95172 035 $a(PPN)265625092 035 $a(EXLCZ)994100000012897351 100 $a20221028j|||||||| ||| 0 101 0 $afre 135 $auu||||||m|||| 181 $ctxt$2rdacontent 182 $cc$2rdamedia 183 $acr$2rdacarrier 200 10$aVigilance et transports $eAspects fondamentaux, dégradation et prévention /$fMichel Vallet, Salah Khardi 210 1$aLyon :$cPresses universitaires de Lyon,$d2021. 215 $a1 online resource (430 pages) 225 1 $aTransversales 311 $a2-7297-0513-9 330 $aLa sécurité dans les transports bénéficie depuis longtemps d?efforts soutenus pour l?amélioration des infrastructures et des véhicules. Mais récemment en France et dans le monde, les responsables de la sécurité routière ont décidé de consacrer davantage d?attention et de moyens aux facteurs humains. Parmi les nombreux sujets de recherches qui se sont développés, la vigilance tient une place importante, compte tenu de son intérêt scientifique et de son utilité sociale. Cet ouvrage présente quarante-trois articles consacrés aux divers aspects de la vigilance, des facteurs de dégradation et des moyens de prévention. Il s?articule autour de quatre thèmes : l?alcool, les drogues et les médicaments, les rythmes biologiques, la détection automatique des baisses de vigilance. 606 $aSocial Sciences, Interdisciplinary 606 $asécurité 606 $adrogue 606 $arythme 606 $amédicament 606 $aalcool 606 $aprévention 606 $aaméliorer 606 $ainfrastructure 606 $avéhicule 606 $aroutière 606 $adégradation 606 $abiologique 606 $adétection 606 $aautomatisme 610 $asécurité 610 $adrogue 610 $arythme 610 $amédicament 610 $aalcool 610 $aprévention 610 $aaméliorer 610 $ainfrastructure 610 $avéhicule 610 $aroutière 610 $adégradation 610 $abiologique 610 $adétection 610 $aautomatisme 615 4$aSocial Sciences, Interdisciplinary 615 4$asécurité 615 4$adrogue 615 4$arythme 615 4$amédicament 615 4$aalcool 615 4$aprévention 615 4$aaméliorer 615 4$ainfrastructure 615 4$avéhicule 615 4$aroutière 615 4$adégradation 615 4$abiologique 615 4$adétection 615 4$aautomatisme 700 $aAchache$b P$01349908 701 $aAguirre$b A$01349909 701 $aÂkerstedt$b T$01349910 701 $aAlma$b E$01349911 701 $aAmalberti$b R$01349912 701 $aArbus$b L$01349913 701 $aArtaud$b P$01349914 701 $aAuzeau$b J.-L$01349915 701 $aAvril$b P.-B$01349916 701 $aBachelier-Notter$b J$01349917 701 $aBenaoudia$b M$01349918 701 $aBergeron$b J$01349919 701 $aBerghaus$b G$01349920 701 $aBerrichi$b H$01349921 701 $aBoisvert$b E$01349922 701 $aBouchard$b C$01349923 701 $aBourhis$b S$01349924 701 $aBrookhuis$b K$01349925 701 $aBrougmton$b R$01349926 701 $aBrouwer$b W$01349927 701 $aBruni$b H$01349928 701 $aChan$b M$01349929 701 $aClot$b J$01349930 701 $aCoblentz$b A$01349931 701 $aCointot$b B$01349932 701 $aCoutier$b L$01349933 701 $aDelhomme$b G$01349934 701 $aDenise$b P$01349935 701 $aDesodt$b A. M$01349936 701 $aDe La Giclais$b B$01349937 701 $aDittmar$b A$01349938 701 $aDomont$b A$01349939 701 $aDubuisson$b B$0741319 701 $aDucluzeau$b R$01349940 701 $aDurand$b C$01349941 701 $aÉtard$b O$01349942 701 $aFaidy$b J.-P$01349943 701 $aFayada$b C$01349944 701 $aFayard$b C$01349945 701 $aFolkard$b S$01349946 701 $aFondarai$b J$01349947 701 $aFouillot$b J.-P$01349948 701 $aGabon$b Ph$01349949 701 $aGauriat$b C$01349950 701 $aGrau$b J.-Y$01349951 701 $aGueguen$b B$01349952 701 $aGuilleminault$b C$01349953 701 $aHeitmann$b A$01349954 701 $aHerrera$b A$01349955 701 $aIgnazi$b G$01349956 701 $aJ. De Gler$b J$01349957 701 $aJiang$b T$01349958 701 $aJolly$b D$01349959 701 $aJoly$b P$0141433 701 $aJouvet$b M$01349960 701 $aKhardi$b S$01349961 701 $aKnipling$b R$01349962 701 $aLabiale$b G$01349963 701 $aLagier$b G$01349964 701 $aLapierre$b O$01349965 701 $aLardet$b G$01349966 701 $aLavergne$b C$01349967 701 $aLee-Gosselin$b Martin E. H$01349968 701 $aLeech$b J$01349969 701 $aLéger$b D$01349970 701 $aLemoine$b P$01349971 701 $al?Hoste$b J$01349972 701 $aMacaire$b J.-P$01349973 701 $aMacchi$b M$01349974 701 $aMancel$b C$01349975 701 $aMaslin$b J$01349976 701 $aMercier-Guyon$b C$01349977 701 $aMestiri$b S$01349978 701 $aMevel$b Y$01349979 701 $aMeyran$b S$01349980 701 $aMichimori$b A$01349981 701 $aMollard$b R$01349982 701 $aMontplaisir$b J$01349983 701 $aMuzet$b A$01349984 701 $aOlivier$b D$01349985 701 $aPeltier$b M.-A$01349986 701 $aPerraton$b F$01349987 701 $aPerret$b B$01349988 701 $aPetit$b D$01349989 701 $aPharm$b B$01349990 701 $aPhilip$b P$01366623 701 $aPhilipps-Bertin$b C$01349991 701 $aPlanque$b S$01349992 701 $aPottier$b M$01349993 701 $aRoussel$b B$01349994 701 $aSauvignon$b M$01349995 701 $aSestier$b F$01349996 701 $aSiarry$b P$01349997 701 $aSimpson$b H$01349998 701 $aSmiley$b A$01349999 701 $aSpeyer$b J.-J$01350000 701 $aStampi$b C$01350001 701 $aStone$b P$01350002 701 $aTardif$b L. P$01350003 701 $aTarrière$b C$01350004 701 $aTiberge$b M$01350005 701 $aVallet$b M$01350006 701 $aVaugeois$b P$01350007 701 $aVernet-Maury$b E$01350008 701 $aVingilis$b E$01350009 701 $aWierwille$b W$01350010 701 $aWylie$b C. D$01350011 701 $aVallet$b Michel$01350012 701 $aKhardi$b Salah$01350013 801 0$bFR-FrMaCLE 906 $aBOOK 912 $a9910619499303321 996 $aVigilance et transports$93389263 997 $aUNINA LEADER 03561nam 2200673 450 001 9910823590003321 005 20230807221635.0 010 $a90-04-30111-9 024 7 $a10.1163/9789004301115 035 $a(CKB)3710000000465612 035 $a(EBL)4540492 035 $a(SSID)ssj0001678078 035 $a(PQKBManifestationID)16488576 035 $a(PQKBTitleCode)TC0001678078 035 $a(PQKBWorkID)13802422 035 $a(PQKB)11337629 035 $a(MiAaPQ)EBC4540492 035 $a(OCoLC)911180134 035 $a(nllekb)BRILL9789004301115 035 $a(EXLCZ)993710000000465612 100 $a20150615d2015 uy 0 101 0 $aeng 135 $aur|n|---||||| 181 $ctxt 182 $cc 183 $acr 200 10$aPoetry and censorship in Counter-Reformation Italy /$fby Jennifer Helm 210 1$aLeiden ;$aBoston :$cBrill,$d[2015] 215 $a1 online resource (452 p.) 225 1 $aStudies in medieval and Reformation traditions,$x1573-4188 ;$vv. 189 300 $aDescription based upon print version of record. 311 $a90-04-28439-7 320 $aIncludes bibliographical references (p. [412]-434) and index. 327 $aPreliminary Material -- 1 Control of Literature as a Strategy of Catholic Reformation: Motives and Modes of Influence -- 2 Approaching Censorial Reading -- 3 Mechanisms of the Roman Index -- 4 Censures of the Marvelous -- 5 Censures of Love -- 6 Censoring Laughter -- 7 Self-Censorship and Poetic Counter-Strategies: The Case of Domenico Venier -- Conclusion -- Editorial Notes -- Documents 1: Cases and Judgments -- Documents 2: Relating Documents -- Bibliography -- Index of Names. 330 $aIn Poetry and Censorship Jennifer Helm offers insight into motives and strategies of Counter-Reformation censorship of poetry in Italy. Materials of Roman censorial authorities reveal why the control of poetry and of its reception was crucial to Counter-Reformation cultural politics. Censorship of poetry should enable the church to influence human inner life that ---from thought and belief to fantasy and feeling--- was evolving considerably at that time. The control of poetic genres and modes of writing played an important part here. Yet, to what extent censorship could affect poetic creation emerges from a manuscript of the Venetian poet Domenico Venier. The materials suggest the impact of Counter-Reformation censorship on poetry began earlier and was more extensive than has yet been propagated. 410 0$aStudies in Medieval and Reformation Traditions$v189. 606 $aItalian poetry$y16th century$xHistory and criticism 606 $aCensorship$zItaly$xHistory$y16th century 606 $aCensorship$xReligious aspects$xChristianity$xHistory$y16th century 606 $aCensorship$2fast 606 $aCensorship$xReligious aspects$xChristianity$2fast 606 $aItalian poetry$2fast 607 $aItaly$2fast 608 $aCriticism, interpretation, etc.$2fast 608 $aHistory.$2fast 615 0$aItalian poetry$xHistory and criticism. 615 0$aCensorship$xHistory 615 0$aCensorship$xReligious aspects$xChristianity$xHistory 615 7$aCensorship. 615 7$aCensorship$xReligious aspects$xChristianity. 615 7$aItalian poetry. 676 $a851/.409 700 $aHelm$b Jennifer$01675777 801 0$bNL-LeKB 801 1$bNL-LeKB 906 $aBOOK 912 $a9910823590003321 996 $aPoetry and censorship in Counter-Reformation Italy$94041492 997 $aUNINA